History Quiz

Random History or Famous Quiz

Assassinations Quiz Stats

 Plays Quiz Updated Mar 12, 2019

Support Sporcle.
Go Orange.
Score 0/16 Timer 06:00
14 Plays Today
Assassin Victim or Target % Correct
John Wilkes BoothAbraham Lincoln
93.9%
Sirhan SirhanRobert F Kennedy
77.7%
James Earl RayMartin Luther King Jr.
65%
John Hinckley*Ronald Reagan
63.3%
Mark David ChapmanJohn Lennon
60%
Gavrilo PrincipArchduke Franz Ferdinand
59.7%
Claus von Stauffenberg*Adolf Hitler
45.2%
Nathuram GodseMahatma Gandhi
36.4%
Assassin Victim or Target % Correct
Mehmet Ali AĆ°ca*Pope John Paul II
26.1%
Talmadge HayerMalcolm X
15.7%
Khalid IslambouliAnwar Al Sadat
15.2%
Yigal AmirYitzhak Rabin
14.6%
Felix YusupovGrigori Rasputin
12.8%
Jean Bastien-Thiry*Charles de Gaulle
11.1%
Charlotte CordayJean-Paul Marat
10.7%
Carl WeissHuey Long
5.7%

You're not logged in!

Compare scores with friends on all Sporcle quizzes.
OR
Log In

From the Vault

3 Letter Anagram Blitz

by Headers2304

This quiz really mixed us up.
Remove Ads.
Support Sporcle.
Get the best of Sporcle when you Go Orange. This ad-free experience offers more features, more stats, and more fun while also helping to support Sporcle. Thank you for becoming a member.

Show Comments

Extras

Top Quizzes Today


Score Distribution

Your Account Isn't Verified!

In order to create a playlist on Sporcle, you need to verify the email address you used during registration. Go to your Sporcle Settings to finish the process.

Report this User

Report this user for behavior that violates our Community Guidelines.

Details: